Name an Incorporated City in Alabama A-Z - Statistics

General Stats
  • This quiz has been taken 32 times
  • The average score is 14 of 23
Answer Stats
Letter City % Correct
M Madison | Madrid | Magnolia Springs | +32
100%
B Babbie | Baileyton | Bakerhill | +29
92%
H Hackleburg | Haleburg | Haleyville | +27
88%
T Talladega Springs | Talladega | Tallassee | +16
84%
S St. Florian | Samson | Sand Rock | +32
76%
A Abbeville | Adamsville | Addison | +24
72%
D Dadeville | Daleville | Daphne | +14
72%
F Fairfield | Fairhope | Fairview | +17
68%
G Gadsden | Gainesville | Gantt | +29
68%
J Jackson | Jackson's Gap | Jacksonville | Jasper | Jemison
68%
C Calera | Camden | Camp Hill | +40
64%
O Oak Grove | Oak Hill | Oakman | +11
60%
P Paint Rock | Parrish | Pelham | +23
60%
E East Brewton | Eclectic | Edwardsville | +14
52%
L LaFayette | Lake View | Lakeview | +24
48%
R Ragland | Rainbow City | Rainsville | +18
48%
V Valley | Valley Grande | Valley Head | +6
44%
N Napier Field | Natural Bridge | Nauvoo | +12
40%
U Union Springs | Union | Uniontown
36%
W Wadley | Waldo | Walnut Grove | +18
36%
K Kansas | Kellyton | Kennedy | Killen | Kimberly | Kinsey | Kinston
28%
Y Yellow Bluff | York
28%
I Ider | Indian Springs Village | Irondale
24%
No matching quizzes found
Score Distribution
Percent of People with Each Score
Percentile by Number Answered
Your Score History
You have not taken this quiz